|
|
|
|
| LEADER |
00000nam0a2200000 4500 |
| 001 |
99568 |
| 005 |
20231031111756.0 |
| 035 |
|
|
|a (RuTPU)RU\TPU\book\106860
|
| 090 |
|
|
|a 99568
|
| 100 |
|
|
|a 20060707d1975 k y0rusy50 ca
|
| 101 |
0 |
|
|a rus
|
| 102 |
|
|
|a RU
|
| 105 |
|
|
|a y a 001zy
|
| 200 |
1 |
|
|a Геология докембрия Сибири и Дальнего Востока
|e библиографический указатель 1941-1965
|f Библиотека Академии наук СССР, Институт геологии и геохронологии докембрия Академии наук СССР; сост. Н. А. Авдонцев, В. С. Бойкова, И. Н. Крылов, М. Д. Крылова, Д. А. Михайлов, Ю. М. Соколов; под ред. Д. А. Великославинского
|
| 210 |
|
|
|a Ленинград
|c БАН
|d 1975
|
| 215 |
|
|
|a 264 с.
|
| 320 |
|
|
|a Указ. в конце кн.: с. 188 - 264
|
| 610 |
1 |
|
|a библиографические указатели
|
| 610 |
1 |
|
|a геология
|
| 610 |
1 |
|
|a докембрий
|
| 610 |
1 |
|
|a Сибирь
|
| 610 |
1 |
|
|a Дальний Восток
|
| 686 |
|
|
|a Я19:55
|v LBC/SL-A
|2 rubbk
|
| 702 |
|
1 |
|a Авдонцев
|b Н. А.
|4 220
|
| 702 |
|
1 |
|a Бойкова
|b В. С.
|4 220
|
| 702 |
|
1 |
|a Крылов
|b И. Н.
|4 220
|
| 702 |
|
1 |
|a Крылова
|b М. Д.
|4 220
|
| 702 |
|
1 |
|a Михайлов
|b Д. А.
|4 220
|
| 702 |
|
1 |
|a Соколов
|b Ю. М.
|4 220
|
| 702 |
|
1 |
|a Великославинский
|b Д. А.
|4 340
|
| 712 |
0 |
2 |
|a Академия наук СССР
|b Институт геологии и геохронологии докембрия (ИГГД АН СССР)
|c (Ленинград)
|2 stltpush
|3 (RuTPU)RU\TPU\col\11390
|
| 712 |
0 |
2 |
|a Академия наук СССР (АН СССР)
|b Библиотека (БАН)
|c (Ленинград)
|2 stltpush
|3 (RuTPU)RU\TPU\col\343
|
| 801 |
|
1 |
|a RU
|b 63413507
|c 20060707
|g PSBO
|
| 801 |
|
2 |
|a RU
|b 63413507
|c 20101119
|g PSBO
|
| 942 |
|
|
|c BK
|